La intertextualidad en la narrativa de Jairo Anibal Niño
Gardado en:
| Autor Principal: | |
|---|---|
| Formato: | Desconocido |
| Publicado: |
Colombia:
Agora,
|
| Materias: | |
| Etiquetas: |
Engadir etiqueta
Sen Etiquetas, Sexa o primeiro en etiquetar este rexistro!
|
MARC
| LEADER | 000000000a22000000004500 | ||
|---|---|---|---|
| 001 | 000098 | ||
| 100 | 1 | |a Bravo Realpe, Nubia | |
| 245 | 1 | 0 | |a La intertextualidad en la narrativa de Jairo Anibal Niño |
| 260 | |a Colombia: |b Agora, | ||
| 650 | 4 | |a INTERTEXTO | |
| 650 | 4 | |a PARATEXTO | |
| 650 | 4 | |a INTERTEXTUALIDAD | |
| 773 | 0 | |t Con-Textos: Revista de Semiótica Literaria | |
| 773 | 0 | |g 2 | |
| 773 | 0 | |g 16 | |
| 773 | 0 | |g 1995 | |
| 773 | 0 | |g 107-119 | |
| 999 | |c 840 |d 840 | ||
